| 000 | 00834nam a22002295i 4500 | ||
|---|---|---|---|
| 001 | 176048 | ||
| 003 | ES-MaACL | ||
| 005 | 20230906215956.0 | ||
| 007 | t| | ||
| 008 | 101213s1958 sp a r ||||1| spa d | ||
| 080 | _a677.4 | ||
| 110 | 2 |
_aAmerican Viscose Corporation. _9144279 |
|
| 245 | 1 | 0 |
_aManufactura textil del rayón _b: (fibras y filamentos de rayón, viscosa y acetato) / _cpor el Departamento de investigación textil de la American Viscose Corporation. |
| 250 | _a1ª ed. | ||
| 260 |
_aBarcelona ; Buenos Aires : _bJosé Montesó, _c1958. |
||
| 300 |
_aXII, 453 p. : _bil. bl. y n. ; _c22 cm. |
||
| 490 | 1 |
_aBiblioteca de técnica textil ; _v7 |
|
| 650 | 4 |
_aFibras sintéticas. _9144280 |
|
| 830 | 0 |
_aBiblioteca de técnica textil ; _v7 _9189915 |
|
| 852 |
_aES-MaACL _jE-13785 _xOlim P-909 |
||
| 999 |
_c176048 _d176048 |
||